00744nam a2200217 a 450000100100000000500170001000800410002702000150006804000250008308200190010810000400012724501150016726000690028230000200035149000280037165000190039965000230041870000250044170000300046683000300049600001363620200929163308.0091126s1998 mx 000 f spa d a9701810694 aDO-SdBNPbspacBNPHU a823.8bS847ó1 aStevenson, Robert Louis,d1850-189410aOlalla /cRobert Louis Stevenson ; traducción de Alfonso Reyes ; presentación de Héctor Orestes Aguilar. aMéxico :bConsejo Nacional para la Cultura y las Artes,c1998. a60 p. ;c21 cm.1 aClásicos para hoyv25 4aNovela inglesa 4aLiteratura inglesa1 aReyes, Alfonso,etr.1 aOrestes Aguilar, Héctor 0aClásicos para hoy ;v25